Countries by Synonym - Statistics

General Stats
  • This quiz has been taken 419 times
  • The average score is 7 of 11
Answer Stats
Hint Answer % Correct
Porcelain China
90%
Famished Hungary
80%
Myself jogged Iran
79%
Fat bird Turkey
69%
Bacteria some Germany
68%
Cooperative Sovereignties United States
59%
No, Male Oman
53%
Yes, Boys Yemen
52%
Oil Greece
47%
Below Territories Netherlands
39%
To not stop Togo
24%
No matching quizzes found
Score Distribution
Percent of People with Each Score
Percentile by Number Answered
Your Score History
You have not taken this quiz